Star Wars Planets in Rogue One - Statistics

General Stats
  • This quiz has been taken 24 times
  • The average score is 5 of 7
Answer Stats
Hint Answer % Correct
Saw's Hideout, Death Star tested on it Jedha
100%
Planet holding plans to the Death Star Scarif
100%
Rebel Base Yavin 4
100%
Galen Erso's Workplace Eadu
91%
Cassian's Meeting Point Ring of Kafrene
73%
Jyn's Home Lah'mu
45%
Jyn's Prison Wobani
36%
No matching quizzes found
Score Distribution
Percent of People with Each Score
Percentile by Number Answered
Your Score History
You have not taken this quiz